[Event "Nordic School-ch U15"]
[Site "Espoo"]
[Date "2012.02.19"]
[Round "5"]
[White "Brauner, Jonathan"]
[Black "Ramsdal, Jens Albert"]
[Result "1-0"]
[WhiteElo "1971"]
[BlackElo "1862"]
[PlyCount "59"]
[EventDate "2012.02.17"]
[EventType "swiss"]
[EventRounds "6"]
[EventCountry "FIN"]
[SourceTitle "EXT 2022"]
[Source "ChessBase"]
[SourceDate "2021.10.06"]
[SourceVersion "1"]
[SourceVersionDate "2021.10.06"]
[SourceQuality "1"]

1. c4 e5 2. g3 Nf6 3. Bg2 d5 4. cxd5 Nxd5 5. Nf3 Nc6 6. 0-0 Nb6 7. d3 Be7 8. Nbd2 0-0 9. a3 a6 10. b4 f5 11. Bb2 Bf6 12. Rc1 Qe8 13. e4 Kh8 14. Re1 f4 15. gxf4 exf4 16. e5 Be7 17. Ne4 Bg4 18. Nf6 Qg6 19. Nxg4 Qxg4 20. Kh1 Rad8 21. Qb3 Qf5 22. Rcd1 a5 23. b5 a4 24. Qc2 Na5 25. Qxc7 Qe6 26. Nd4 Rxd4 27. Bxd4 Bd8 28. Qd6 Qxd6 29. exd6 f3 30. Bxf3 1-0

[Event "Nordic School-ch U15"]
[Site "Espoo"]
[Date "2012.02.18"]
[Round "3"]
[White "Brauner, Jonathan"]
[Black "Eydsteinsson, Silas"]
[Result "1-0"]
[WhiteElo "1971"]
[BlackElo "1763"]
[PlyCount "189"]
[EventDate "2012.02.17"]
[EventType "swiss"]
[EventRounds "6"]
[EventCountry "FIN"]
[SourceTitle "EXT 2022"]
[Source "ChessBase"]
[SourceDate "2021.10.06"]
[SourceVersion "1"]
[SourceVersionDate "2021.10.06"]
[SourceQuality "1"]

1. c4 Nf6 2. g3 g6 3. Bg2 Bg7 4. Nc3 d6 5. d3 0-0 6. Bg5 h6 7. Bd2 e5 8. e4 Nbd7 9. Qc2 c6 10. Nge2 Qe7 11. 0-0 a6 12. Rfc1 Nc5 13. b4 Ne6 14. Rab1 b5 15. cxb5 axb5 16. a4 bxa4 17. Nxa4 Ba6 18. Ra1 Bb7 19. Nb6 Rxa1 20. Rxa1 Qc7 21. Nc4 d5 22. Na5 Qb6 23. Rc1 Ng4 24. Be1 Nd8 25. Nxb7 Qxb7 26. exd5 cxd5 27. Qb3 Nf6 28. Nc3 e4 29. dxe4 dxe4 30. Qc4 Re8 31. Rd1 Qe7 32. Nxe4 Nxe4 33. Bxe4 Qxe4 34. Qxe4 Rxe4 35. Rxd8+ Kh7 36. Kf1 Rxe1+ 37. Kxe1 Bc3+ 38. Ke2 Bxb4 39. Kf3 h5 40. Rb8 Bd6 41. Rb6 Bc5 42. Rc6 Bf8 43. h4 Kg7 44. Kf4 Bb4 45. Rc2 Kf6 46. Ke4 Ke6 47. Rb2 Bc5 48. Rc2 Ba7 49. f3 f5+ 50. Kd3 Bb8 51. Rg2 Kd5 52. Ke3 Ke5 53. Ra2 Kf6 54. Ra6+ Kf7 55. Kf2 Kg7 56. Kg2 Kh6 57. Kf2 Be5 58. Re6 Bb8 59. Kg2 Kg7 60. f4 Kh6 61. Ra6 Bc7 62. Kf3 Bd8 63. Ke2 Be7 64. Kd3 Bc5 65. Kc4 Bf2 66. Ra3 Kg7 67. Kd5 Kf7 68. Kd6 Kf6 69. Rb3 Be1 70. Rf3 Bb4+ 71. Kd7 Bc5 72. Rf1 Be3 73. Ke8 Kg7 74. Ke7 Bc5+ 75. Ke6 Be3 76. Rb1 Bf2 77. Rb3 Kh6 78. Kf6 Bd4+ 79. Kf7 Kh7 80. Rd3 Bf2 81. Kf6 Kh6 82. Rd8 Kh7 83. Kg5 Bxg3 84. Rd7+ Kg8 85. Kxg6 Bxh4 86. Kxh5 Bf2 87. Kg6 Kf8 88. Kxf5 Bg3 89. Kg5 Bf2 90. f5 Be3+ 91. Kg6 Bc5 92. f6 Ke8 93. Rb7 Bd6 94. f7+ Kf8 95. Rd7 1-0

[Event "Nordic Youth-ch C"]
[Site "Oslo"]
[Date "2011.02.18"]
[Round "1"]
[White "Brauner, Jonathan"]
[Black "Kjartansson, Dagur"]
[Result "1-0"]
[WhiteElo "1934"]
[BlackElo "1522"]
[PlyCount "75"]
[EventDate "2011.02.18"]
[EventType "swiss"]
[EventRounds "6"]
[EventCountry "NOR"]
[SourceTitle "EXT 2024"]
[Source "ChessBase"]
[SourceDate "2023.10.10"]
[SourceVersion "1"]
[SourceVersionDate "2023.10.10"]
[SourceQuality "1"]

1. c4 e6 2. g3 Nf6 3. Bg2 Be7 4. Nc3 0-0 5. e4 c6 6. Nf3 d5 7. e5 Nfd7 8. 0-0 Nb6 9. cxd5 exd5 10. d4 Bg4 11. Re1 N8d7 12. h3 Bh5 13. b3 Rc8 14. Bb2 c5 15. g4 Bg6 16. Qd2 c4 17. Rac1 Bb4 18. Qe3 Re8 19. Nd2 Nxe5 20. dxe5 d4 21. Qf4 dxc3 22. Bxc3 Ba3 23. Rcd1 Bc2 24. Ra1 cxb3 25. axb3 Rxc3 26. Rxa3 g5 27. Qb4 Qxd2 28. Rf1 Bd3 29. Qd4 Rc1 30. Rxa7 Nc4 31. bxc4 Rxc4 32. Qd5 Qe2 33. Rxb7 Bg6 34. Qd7 Rxe5 35. Rb8+ Kg7 36. Qd8 Bd3 37. Qh8+ Kh6 38. Rg8 1-0

[Event "Taastrup Quick Weekend 12th B1"]
[Site "Taastrup"]
[Date "2010.10.03"]
[Round "4"]
[White "Brauner, Jonathan"]
[Black "Sorensen, Dick"]
[Result "1/2-1/2"]
[WhiteElo "1855"]
[BlackElo "1928"]
[PlyCount "104"]
[EventDate "2010.10.01"]
[EventType "tourn"]
[EventRounds "5"]
[EventCountry "DEN"]
[SourceTitle "EXT 2023"]
[Source "ChessBase"]
[SourceDate "2022.10.05"]
[SourceVersion "1"]
[SourceVersionDate "2022.10.05"]
[SourceQuality "1"]

1. c4 e5 2. g3 Nc6 3. Bg2 f5 4. Nc3 Nf6 5. d3 Bb4 6. Bd2 0-0 7. e3 d6 8. Nge2 Ne7 9. 0-0 c6 10. a3 Ba5 11. b4 Bc7 12. f4 Be6 13. Rb1 a6 14. a4 Bf7 15. Qc2 Qd7 16. b5 axb5 17. axb5 Rab8 18. Rb2 exf4 19. Nxf4 g5 20. Nfe2 Bg6 21. Kh1 d5 22. cxd5 Nexd5 23. Rfb1 h5 24. Nxd5 cxd5 25. Qb3 Kh7 26. b6 Be5 27. Rc2 Rbc8 28. Rbc1 Rxc2 29. Rxc2 Ra8 30. Bc3 Bxc3 31. Qxc3 Ng4 32. Qd4 Rc8 33. Rxc8 Qxc8 34. Qxd5 Nf6 35. Qxb7+ Qxb7 36. Bxb7 Nd7 37. Kg2 Nxb6 38. Nc3 Kg7 39. Kf2 Kf6 40. Ke2 Bf7 41. Kd2 Nd7 42. Bf3 Ne5 43. Be2 Ng6 44. d4 Ne7 45. Bf3 Bc4 46. Na4 Bd5 47. Be2 Bg2 48. Nc5 Nc6 49. Kc3 f4 50. exf4 gxf4 51. gxf4 Kf5 52. Nd3 Be4 1/2-1/2

[Event "Politiken Cup 32nd"]
[Site "Copenhagen"]
[Date "2010.08.04"]
[Round "6"]
[White "Brauner, Jonathan"]
[Black "Pedersen, Jan Kaas"]
[Result "1/2-1/2"]
[WhiteElo "1885"]
[BlackElo "2061"]
[PlyCount "42"]
[EventDate "2010.07.31"]
[EventType "swiss"]
[EventRounds "10"]
[EventCountry "DEN"]
[SourceTitle "CBM 137 Extra"]
[Source "ChessBase"]
[SourceDate "2010.09.01"]
[SourceVersion "1"]
[SourceVersionDate "2010.09.01"]
[SourceQuality "1"]

1. e4 g6 2. d4 Bg7 3. Nc3 c6 4. Be3 d5 5. Qd2 dxe4 6. Nxe4 Nf6 7. Nxf6+ Bxf6 8. Nf3 Bf5 9. 0-0-0 Qb6 10. Bc4 Nd7 11. Rhe1 e6 12. Bb3 Qa6 13. Bg5 Bg7 14. d5 Nc5 15. dxe6 Nxb3+ 16. cxb3 0-0 17. exf7+ Rxf7 18. a3 Qb5 19. Qe3 c5 20. Nh4 Bd4 21. Qd2 Qxb3 1/2-1/2

[Event "Politiken Cup 32nd"]
[Site "Copenhagen"]
[Date "2010.08.02"]
[Round "4"]
[White "Brauner, Jonathan"]
[Black "Andersen, Rune Egede"]
[Result "0-1"]
[WhiteElo "1885"]
[BlackElo "2100"]
[PlyCount "64"]
[EventDate "2010.07.31"]
[EventType "swiss"]
[EventRounds "10"]
[EventCountry "DEN"]
[SourceTitle "CBM 137 Extra"]
[Source "ChessBase"]
[SourceDate "2010.09.01"]
[SourceVersion "1"]
[SourceVersionDate "2010.09.01"]
[SourceQuality "1"]

1. c4 Nf6 2. g3 c6 3. Bg2 d5 4. Nf3 g6 5. 0-0 Bg7 6. d3 0-0 7. e3 Bg4 8. Nc3 Nbd7 9. h3 Bxf3 10. Bxf3 dxc4 11. dxc4 Ne5 12. Be2 Qc8 13. Kg2 Rd8 14. Qc2 b5 15. f4 Nxc4 16. Bxc4 bxc4 17. e4 Rd3 18. e5 Nd5 19. Ne4 Rd4 20. Ng5 c5 21. Nf3 Nb4 22. Qc3 Qb7 23. a3 Nd5 24. Qc2 Rd8 25. Kh2 Rd3 26. Qxc4 Nb6 27. Qxc5 Rxf3 28. Be3 Na4 29. Qa5 Qxb2+ 30. Kh1 Rxf1+ 31. Rxf1 Qb7+ 32. Kh2 Nb6 0-1

[Event "Politiken Cup 32nd"]
[Site "Copenhagen"]
[Date "2010.08.01"]
[Round "2"]
[White "Brauner, Jonathan"]
[Black "Hatzipanteli, Theodora"]
[Result "1-0"]
[WhiteElo "1885"]
[BlackElo "1572"]
[PlyCount "89"]
[EventDate "2010.07.31"]
[EventType "swiss"]
[EventRounds "10"]
[EventCountry "DEN"]
[SourceTitle "CBM 137 Extra"]
[Source "ChessBase"]
[SourceDate "2010.09.01"]
[SourceVersion "1"]
[SourceVersionDate "2010.09.01"]
[SourceQuality "1"]

1. c4 g6 2. g3 Bg7 3. Bg2 d6 4. Nc3 c5 5. a3 Nf6 6. d3 0-0 7. Bg5 Na6 8. e4 Nc7 9. h3 Nfe8 10. Nge2 h6 11. Be3 Rb8 12. Qd2 Kh7 13. 0-0 b6 14. d4 Ba6 15. b3 Nf6 16. a4 Nd7 17. Nb5 Bb7 18. Nxa7 Ra8 19. Nb5 Na6 20. Rad1 Qc8 21. f4 f5 22. exf5 Bxg2 23. fxg6+ Kxg6 24. Qd3+ Kf7 25. Kxg2 Nb4 26. Qb1 Nf6 27. d5 Kg8 28. Bd2 Na6 29. Bc3 Qe8 30. Rde1 Qh5 31. Ng1 Kh8 32. Rxe7 Rab8 33. Nf3 Rf7 34. Rfe1 Ng8 35. Bxg7+ Kxg7 36. Qb2+ Kh7 37. Qc2+ Kg7 38. Qc3+ Kh7 39. Rxf7+ Qxf7 40. Nxd6 Qd7 41. Qe5 Rf8 42. Nh4 Rf6 43. Ne8 Rf7 44. Qe4+ Rf5 45. Nxf5 1-0

[Event "Politiken Cup 32nd"]
[Site "Copenhagen"]
[Date "2010.07.31"]
[Round "1"]
[White "Carstensen, Jacob"]
[Black "Brauner, Jonathan"]
[Result "1-0"]
[WhiteElo "2295"]
[BlackElo "1885"]
[PlyCount "51"]
[EventDate "2010.07.31"]
[EventType "swiss"]
[EventRounds "10"]
[EventCountry "DEN"]
[SourceTitle "CBM 137 Extra"]
[Source "ChessBase"]
[SourceDate "2010.09.01"]
[SourceVersion "1"]
[SourceVersionDate "2010.09.01"]
[SourceQuality "1"]

1. d4 Nf6 2. c4 e6 3. g3 Bb4+ 4. Bd2 Be7 5. Bg2 d5 6. Nf3 0-0 7. 0-0 b6 8. cxd5 exd5 9. Nc3 Bb7 10. Rc1 c5 11. Ne5 Nc6 12. Nxc6 Bxc6 13. dxc5 bxc5 14. Bg5 Rb8 15. b3 Qa5 16. Bxf6 Bxf6 17. Nxd5 Bxd5 18. Bxd5 Qxa2 19. Rxc5 Rfd8 20. e4 Qa3 21. Rc7 Rf8 22. Qh5 g6 23. Qf3 Qb2 24. Rxa7 Rbc8 25. Qg4 Rc2 26. Rxf7 1-0

[Event "Politiken Cup 31st"]
[Site "Helsingor"]
[Date "2009.07.21"]
[Round "5"]
[White "Brauner, Jonathan"]
[Black "Schou Moldt, Thomas"]
[Result "1/2-1/2"]
[WhiteElo "1919"]
[BlackElo "2142"]
[PlyCount "133"]
[EventDate "2009.07.18"]
[EventType "swiss"]
[EventRounds "10"]
[EventCountry "DEN"]
[SourceTitle "CBM 131 Extra"]
[Source "ChessBase"]
[SourceDate "2009.09.03"]
[SourceVersion "2"]
[SourceVersionDate "2009.09.16"]
[SourceQuality "1"]

1. c4 Nf6 2. Nc3 d6 3. g3 e5 4. Bg2 Nc6 5. e4 Nd4 6. h3 a6 7. Nge2 Be6 8. d3 Nxe2 9. Qxe2 Qd7 10. Nd5 Ng8 11. 0-0 Rb8 12. Kh2 b5 13. b3 c6 14. Ne3 Be7 15. Bb2 Qa7 16. Nf5 Bxf5 17. exf5 Rc8 18. f4 Nf6 19. fxe5 dxe5 20. Bxe5 0-0 21. Qf3 Ne8 22. Rae1 Bf6 23. Bxf6 Nxf6 24. g4 h6 25. Qe3 Qd7 26. Rd1 Rfe8 27. Qf2 Qd6+ 28. Kh1 Nd7 29. d4 bxc4 30. bxc4 Qb4 31. Qc2 Re3 32. Rb1 Rc3 33. Rxb4 Rxc2 34. Ra4 Nb6 35. Rxa6 Nxc4 36. Rxc6 Rxc6 37. Bxc6 Rc3 38. Bg2 Rd3 39. d5 Ne3 40. Rf2 Rd1+ 41. Kh2 Nxg2 42. Kxg2 Rxd5 43. a4 Ra5 44. Ra2 Kf8 45. Kf3 Ke7 46. Ke4 Kd6 47. Kd4 g6 48. fxg6 fxg6 49. Kc4 h5 50. Kb4 Re5 51. gxh5 Rxh5 52. Ra3 Kc6 53. Rg3 Kb7 54. a5 Rh4+ 55. Kc5 Rh5+ 56. Kd4 Rxa5 57. Rxg6 Rh5 58. Rg3 Kc7 59. Ke4 Kd7 60. Kf4 Ke7 61. Kg4 Rh8 62. Rf3 Rf8 63. Re3+ Kf7 64. Kg5 Kg8 65. h4 Kh8 66. h5 Ra8 67. Re7 1/2-1/2

[Event "Politiken Cup 31st"]
[Site "Helsingor"]
[Date "2009.07.19"]
[Round "2"]
[White "Gade, Jens"]
[Black "Brauner, Jonathan"]
[Result "0-1"]
[WhiteElo "1535"]
[BlackElo "1919"]
[PlyCount "52"]
[EventDate "2009.07.18"]
[EventType "swiss"]
[EventRounds "10"]
[EventCountry "DEN"]
[SourceTitle "CBM 131 Extra"]
[Source "ChessBase"]
[SourceDate "2009.09.03"]
[SourceVersion "2"]
[SourceVersionDate "2009.09.16"]
[SourceQuality "1"]

1. f4 d5 2. Nf3 Nf6 3. e3 c5 4. Be2 Nc6 5. 0-0 g6 6. Ne5 Qc7 7. d4 Bg7 8. c4 dxc4 9. Bxc4 e6 10. Nc3 a6 11. b3 cxd4 12. exd4 0-0 13. Nxc6 Qxc6 14. Qf3 Qxf3 15. Rxf3 b5 16. Bf1 Bb7 17. Rd3 Rfd8 18. Ne2 Nd5 19. Bb2 Rac8 20. Rd2 Ne3 21. Kf2 Ng4+ 22. Kg1 Ne3 23. Kf2 Nxf1 24. Rxf1 Rd7 25. Ba3 a5 26. Bc5 Rxc5 0-1

[Event "Politiken Cup 31st"]
[Site "Helsingor"]
[Date "2009.07.18"]
[Round "1"]
[White "Brauner, Jonathan"]
[Black "Burmeister, Rick"]
[Result "0-1"]
[WhiteElo "1919"]
[BlackElo "2333"]
[PlyCount "44"]
[EventDate "2009.07.18"]
[EventType "swiss"]
[EventRounds "10"]
[EventCountry "DEN"]
[SourceTitle "CBM 131 Extra"]
[Source "ChessBase"]
[SourceDate "2009.09.03"]
[SourceVersion "2"]
[SourceVersionDate "2009.09.16"]
[SourceQuality "1"]

1. c4 e6 2. Nc3 d5 3. cxd5 exd5 4. d4 f5 5. Bf4 c6 6. e3 Nf6 7. Bd3 Bd6 8. Nge2 0-0 9. 0-0 a5 10. Qc2 Ne4 11. Bxd6 Nxd6 12. Nf4 g5 13. Nfe2 b5 14. Ng3 Ra7 15. Nge2 Re7 16. Qb3 Kh8 17. Rfc1 f4 18. exf4 gxf4 19. f3 Rg7 20. Rc2 Nc4 21. Nd1 Qe7 22. Nec3 Nd2 0-1

[Event "Copenhagen Challenge"]
[Site "Ballerup"]
[Date "2009.05.06"]
[Round "1"]
[White "Brauner, Jonathan"]
[Black "Jacobsen, Bo"]
[Result "0-1"]
[WhiteElo "1916"]
[BlackElo "2325"]
[PlyCount "70"]
[EventDate "2009.05.06"]
[EventType "swiss"]
[EventRounds "9"]
[EventCountry "DEN"]
[SourceTitle "CBM 130 Extra"]
[Source "ChessBase"]
[SourceDate "2009.07.02"]
[SourceVersion "2"]
[SourceVersionDate "2009.07.15"]
[SourceQuality "1"]

1. c4 Nf6 2. g3 g6 3. Bg2 Bg7 4. Nc3 0-0 5. e4 c5 6. Nge2 Nc6 7. 0-0 Ne8 8. d3 Nc7 9. Be3 Ne6 10. Qd2 Ned4 11. f4 e6 12. h3 d6 13. g4 f5 14. exf5 exf5 15. g5 Re8 16. Bf2 Rb8 17. Rfe1 Bd7 18. Rab1 Qa5 19. Ng3 b5 20. Rbd1 bxc4 21. dxc4 Qb4 22. b3 Rxe1+ 23. Bxe1 Re8 24. Bf2 h5 25. Kf1 Kh7 26. Nge2 Re6 27. Bd5 Re7 28. Bxc6 Nxc6 29. Qxd6 Bxc3 30. Bxc5 Qa5 31. b4 Bxb4 32. Bxb4 Qxb4 33. Qd3 Be6 34. Rc1 Na5 35. c5 Bc4 0-1

[Event "Taastrup Quick Weekend 8th B"]
[Site "Taastrup"]
[Date "2008.10.25"]
[Round "3"]
[White "Schmidt, Horst Hubert"]
[Black "Brauner, Jonathan"]
[Result "1/2-1/2"]
[WhiteElo "1778"]
[BlackElo "1682"]
[PlyCount "92"]
[EventDate "2008.10.24"]
[EventType "tourn"]
[EventRounds "5"]
[EventCountry "DEN"]
[SourceTitle "EXT 2023"]
[Source "ChessBase"]
[SourceDate "2022.10.05"]
[SourceVersion "1"]
[SourceVersionDate "2022.10.05"]
[SourceQuality "1"]

1. d4 Nf6 2. Nf3 e6 3. c4 b6 4. Bg5 Bb7 5. Nc3 Be7 6. e3 0-0 7. Be2 d5 8. Bxf6 Bxf6 9. cxd5 exd5 10. b4 Nd7 11. Rc1 Rc8 12. 0-0 Be7 13. Qb3 Nf6 14. Rfd1 c6 15. Rc2 Bd6 16. Bd3 Qe7 17. Bf5 Rc7 18. a3 Bc8 19. Bxc8 Rfxc8 20. Rdc1 Ne4 21. Nxe4 Qxe4 22. Nd2 Qe7 23. Rc3 g6 24. g3 c5 25. bxc5 bxc5 26. Qxd5 cxd4 27. Rxc7 Rxc7 28. Rxc7 Qxc7 29. Nc4 Bxa3 30. exd4 Bb4 31. Ne5 a5 32. h4 Qa7 33. h5 a4 34. h6 Bf8 35. Ng4 a3 36. Qe5 Qe7 37. Qa5 Qe6 38. Ne3 Qb3 39. Nd5 Qd1+ 40. Kg2 Qxd4 41. Qd8 Qc5 42. Qa8 Qd6 43. g4 Qe6 44. Kg3 Qe5+ 45. f4 Qe1+ 46. Kg2 Qe2+ 1/2-1/2